000
00208 a2200097 4500
001
32068
100
_a
Resnick, Robert
245
_a
Physics
260
_a
Singapore
_b
John wiley
_c
1994
090
_c
21521
_d
21521
942
_a
NUST-CAE
_c
M
_c
12805
999
_c
267141
_d
267141